| 000 | 00543cam a22002052 4500 | ||
|---|---|---|---|
| 001 | 0000001779 | ||
| 005 | 20151217151828.0 | ||
| 008 | 070327s xx 000 0 eng d | ||
| 020 |
_a18541820702 : _cKES 2,558 |
||
| 040 |
_aKABU _cKABU |
||
| 050 | 0 |
_aHD57.7 _b.A332 |
|
| 100 | 1 |
_aAdair, John. _@0000150638 |
|
| 245 | 1 | 0 | _aInspiring leadership. |
| 260 |
_aLondon : _bThorogood, _c2002. |
||
| 300 | _a366 p. | ||
| 650 | 0 |
_aLeadership. _@0000150687 |
|
| 908 | _a070327 | ||
| 950 | _@1 | ||
| 999 |
_c5450 _d5450 |
||